| 000 | 00524nam a2200217Ia 4500 | ||
|---|---|---|---|
| 008 | 150901s9999 xx 000 0 und d | ||
| 041 | _aEnglish | ||
| 082 | _a302.2 | ||
| 082 | _bSUN/AN | ||
| 100 | _aSundaram I S | ||
| 100 | _eAuthor | ||
| 245 | _aAntipoverty rural development in India | ||
| 260 | _aNew Delhi | ||
| 260 | _bD K Publications | ||
| 260 | _c1984 | ||
| 300 | _a324 Pages | ||
| 365 | _aRs .9.72 | ||
| 650 | _aCommunication extension | ||
| 650 | _arural employment | ||
| 942 | _cBK | ||
| 999 |
_c239090 _d239090 |
||